| 000 | 00330nam a22001217a 4500 | ||
|---|---|---|---|
| 008 | 160401b xxu||||| |||| 00| 0 eng d | ||
| 020 | _a9780415453820 | ||
| 082 | _a307.121 6 SUS | ||
| 100 | _aWHEELER, S.M & BETLEY T. (EDs) | ||
| 245 | _aThe Sustainable Development Reader | ||
| 250 | _a2nd ed. | ||
| 260 |
_aLondon: _bRoutledge, _c2009 |
||
| 999 |
_c4092 _d4092 |
||